Central Library OPAC University of Rajshahi

Sally Baxter, girl reporter, and the lost ballerina / (Record no. 56074)

MARC details
000 -LEADER
fixed length control field 00621nam a2200205 a 4500
001 - CONTROL NUMBER
control field 56074
003 - CONTROL NUMBER IDENTIFIER
rucl marc code BD-RjUL
005 - DATE AND TIME OF LATEST TRANSACTION
control field 20211209080341.0
008 - FIXED-LENGTH DATA ELEMENTS--GENERAL INFORMATION
fixed length control field 161125s1990 enk b 001 0 eng
035 ## - SYSTEM CONTROL NUMBER
System control number (BD-RjUL)56198
040 ## - CATALOGING SOURCE
Original cataloging agency DLC
Transcribing agency DLC
Modifying agency BD-RjUL
Language of cataloging eng
041 ## - LANGUAGE CODE
Language code of text/sound track or separate title eng
082 00 - DEWEY DECIMAL CLASSIFICATION NUMBER
Classification number 823.91
Edition number 23
Author mark and year EDS 1990
100 1# - MAIN ENTRY--PERSONAL NAME
Personal name Edwards, Sylvia
9 (RLIN) 167003
245 10 - TITLE STATEMENT
Title Sally Baxter, girl reporter, and the lost ballerina /
Statement of responsibility, etc. Sylvia Edwards
260 ## - PUBLICATION, DISTRIBUTION, ETC. (IMPRINT)
Place of publication, distribution, etc. London :
Name of publisher, distributor, etc. World Distributors (Manchester) Ltd.,
Date of publication, distribution, etc. 1990 ?
300 ## - PHYSICAL DESCRIPTION
Pagination vi, 461 p. ;
Size 25 cm.
650 ## - SUBJECT ADDED ENTRY--TOPICAL TERM
Topical term or geographic name as entry element Reporters and reporting
Form subdivision Fiction
9 (RLIN) 167004
942 ## - ADDED ENTRY ELEMENTS (KOHA)
Source of classification or shelving scheme Dewey Decimal Classification
Koha item type Books
Holdings
Lost status Source of classification or shelving scheme Damaged status Not for loan Collection code Permanent Location Current Location Shelving location Date acquired Source of acquisition Total Checkouts Full call number Date last seen Copy number Koha item type
  Dewey Decimal Classification     Fiction Central Library, University of Rajshahi Central Library, University of Rajshahi   12/09/1990 Showkot wasman   823.91 EDS 1990 26/11/2016 C-2 Books
  Dewey Decimal Classification       Central Library, University of Rajshahi Central Library, University of Rajshahi Reading Room 12/09/1990 Showkot Wasman   823.91 EDS 1990 16/01/2024 C-1 Books